000 01121nam a22003137a 4500
003 CHAP
005 20220329135312.0
008 971013s1980 r 00010 d
010 _a34077
011 _a35049
035 _a39165
040 _cCHAP
090 _aTesis
100 0 0 _aMendoza, Luis Medardo.
_974781
245 _aDeterminación de los tipos de vegetación del Centro de Investigaciones Agropecuarias del ITESM
_b: y cuantificación de las principales especies
260 _a(Monterrey, N.L.) :
_bEl autor,
_c1980
300 _a46 h
502 _aTesis (Ing. Agrónomo Esp. en Parasitología Agrícola) -- ITESM. Div. de Ciencias Agropecuarias y Marítimas
590 _aALEPH
_b10
_c20130110
_lUCH01
_h1259
590 _aBATCH-UPD
_b10
_c20130110
_lUCH01
_h0135
590 _aBATCH-UPD
_b10
_c20130110
_lUCH01
_h2142
590 _aBATCH-UPD
_b10
_c20130409
_lUCH01
_h2132
590 _aBATCH-UPD
_b10
_c20130914
_lUCH01
_h0731
590 _aCONVERSION
_b10
_c20130109
_lUCH01
_h1319
650 1 4 _aBotánica
_xNuevo León.
_914598
901 _aBK
942 _cTESIS
949 _bBC
_cTES
_d-89418
_eTS1
_i39165
_si
999 _c34077
_d34077